| 000 | 00704nam a2200193 a 4500 | ||
|---|---|---|---|
| 001 | 000024518 | ||
| 005 | 20200930023221.0 | ||
| 008 | 110128s1989 cu r 001 0 spa d | ||
| 040 |
_aDO-SdBNP _bspa _cBNPHU |
||
| 082 |
_ann* _bnn* |
||
| 245 | 0 | 0 |
_aPensar del Che / _cPrefacio de Armando Hart Dávalos. |
| 260 |
_aLa Habana : _bCentro de Estudios sobre América ; _bJosé Martí, _c1989. |
||
| 300 |
_av. ; _c20 cm. |
||
| 505 |
_gT. 1. _tDesafíos de la lucha por el poder político -- _gT. 2. |
||
| 500 | _aLa biblioteca sólo posee el volumen 1 y 2. | ||
| 500 | _aIncluye referencias bibliográficas y notas al pie de las páginas. | ||
| 700 | 1 |
_aHart Dávalos, Armando, _epról. _950241 |
|
| 049 | _aBNGR | ||
| 999 |
_c24011 _d24011 |
||